| 000 | 00655nam a22002052 4500 | ||
|---|---|---|---|
| 001 | 0000006287 | ||
| 005 | 20151217145831.0 | ||
| 008 | 071012s xx 000 0 eng d | ||
| 020 |
_a8120316215 : _cKES 2320 |
||
| 040 |
_aKABU _cKABU |
||
| 100 | 1 |
_aRajaraman, V. _@0000154245 |
|
| 245 | 1 | 0 |
_aParallel computers : _barchitecture and programming / _cV. Rajaraman, C. Siva Ram Murthy. |
| 260 |
_aNew Delhi : _bPrentice-Hall of india, _c2000. |
||
| 300 | _axii, 376 p. | ||
| 650 | 0 |
_aParallei cmputers. _@0000157698 |
|
| 700 | 1 |
_aMurthy, C. Siva Ram. _@0000157699 |
|
| 908 | _a071012 | ||
| 950 | _@1 | ||
| 999 |
_c3092 _d3092 |
||